Normal view MARC view
  • Inter-Agency Standing Committee.

Entry Corporate Name

Number of records used in: 4

001 - CONTROL NUMBER

  • control field: 1774

003 - CONTROL NUMBER IDENTIFIER

  • control field: NUST

005 - DATE AND TIME OF LATEST TRANSACTION

  • control field: 20170601102414.0

008 - FIXED-LENGTH DATA ELEMENTS

  • fixed length control field: 170601|| aca||aabn | a|a d

040 ## - CATALOGING SOURCE

  • Original cataloging agency: NUST
  • Transcribing agency: NUST

110 ## - HEADING--CORPORATE NAME

  • Corporate name or jurisdiction name as entry element: Inter-Agency Standing Committee.

670 ## - SOURCE DATA FOUND

  • Source citation: Work cat.: (NUST)0: Inter-Agency Standing Committee., IASC guidelines on mental health and psychosocial support in emergency settings., [2007]
© 2023 Central Library, National University of Sciences and Technology. All Rights Reserved.